Quiz o zwierzętach - Statystyki

Ogólne statystyki
  • Ten quiz został rozwiązany 135 razy
  • Średni wynik to 15 z 16
Statystyki odpowiedzi
Obrazkowy Odpowiedź % Poprawnych
koń
100%
kot
100%
pies
100%
panda
97%
kura
95%
kaczka
94%
niedźwiedź
94%
owca
94%
koza
93%
krowa
93%
lew
93%
tygrys
93%
byk
91%
flaming
91%
emu
85%
ptak
84%
Nie znaleziono quizów pasujących do podanych kryteriów
Rozkład punktacji
Procent ludzi z każdym wynikiem
Percentyl według liczby udzielonych odpowiedzi
Twoja historia wyników
Nie rozwiązałeś tego quizu